Where decentralisation meets democracy : (Record no. 13845)

000 -LEADER
fixed length control field 00757cam a2200217 a 4500
020 ## - INTERNATIONAL STANDARD BOOK NUMBER
ISBN 9789995052171
040 ## - CATALOGING SOURCE
Transcribing agency DLC
082 ## - DEWEY DECIMAL CLASSIFICATION NUMBER
Classification number 715 CAM 2007 A085 Or.
100 1# - MAIN ENTRY--AUTHOR NAME
Personal name Sedara, Kim.
245 10 - TITLE STATEMENT
Title Where decentralisation meets democracy :
Remainder of title civil society, local government, and accountability in Cambodia /
260 ## - PUBLICATION, DISTRIBUTION, ETC. (IMPRINT)
Place of publication Phnom Penh :
Name of publisher Cambodia Development Resource Institute (CDRI),
Year of publication 2007.
300 ## - PHYSICAL DESCRIPTION
Number of Pages v, 55 p. ;
Dimensions 30 cm.
490 1# - SERIES STATEMENT
Series statement CDRI working paper series,
650 #0 - SUBJECT ADDED ENTRY--TOPICAL TERM
Topical Term Decentralization in government
650 #0 - SUBJECT ADDED ENTRY--TOPICAL TERM
Topical Term Democracy
650 #0 - SUBJECT ADDED ENTRY--TOPICAL TERM
Topical Term Civil society
650 #0 - SUBJECT ADDED ENTRY--TOPICAL TERM
Topical Term Local government
700 1# - ADDED ENTRY--PERSONAL NAME
Personal name Öjendal, Joakim.
710 2# - ADDED ENTRY--CORPORATE NAME
Corporate name or jurisdiction name as entry element Vidyāsthān Paṇṭuḥ Paṇṭāl niṅ Srāvjrāv ṭoempī Qabhivaḍḍhn ̊Kambujā.
942 ## - ADDED ENTRY ELEMENTS (KOHA)
Koha item type សៀវភៅភាសាអង់គ្លេស
952 ## - LOCATION AND ITEM INFORMATION (KOHA)
Withdrawn status [LOCAL, KOHA] 0
Holdings
Permanent Location Date acquired Koha item type Lost status Shelving location Barcode Current Location Full call number
Library Block A2017-08-31សៀវភៅភាសាអង់គ្លេស A085A21228Library Block A715 CAM 2007 A085 Or.
មជ្ឈមណ្ឌលឯការនៃសាកលវិទ្យាល័យភូមិន្ទកសិកម្មចំការដូង

Powered by Koha